Представление документа в формате RUSMARC

ПолеНазваниеЗначение
  Тип записи a
  Библиографический уровень m
001 Контрольный номер RU/IS/BASE/373379288
005 Дата корректировки 20241220112323.0
010 Индекс ISBN __
d Цена 1700-00
101 Язык документа 0_
a Язык текста rus
c Язык оригинала rus
200 Заглавие и сведения об ответственности 1_
a Заглавие Книги по биологии
e Сведения, относящиеся к заглавию библиогр. указ. для учителей и учащихся
f Первые сведения об ответственности сост. А. В. Жердев
b Общее обозначение материала Текст
210 Выходные данные 1_
a Место издания М.
c Издательство Мирос
d Дата издания 1994
215 Физическое описание __
a Объем 143 с.
606 Тематические рубрики __
a Основная рубрика Литература универсального содержания
606 Тематические рубрики __
a Основная рубрика Биология
606 Тематические рубрики __
a Основная рубрика Библиографические пособия
610 Ключевые слова 0_
a Ключевые слова библиография; естествознание; биология; библиографическая информация; библиографические данные; библиографические записи
686 Индексы других классификаций __
a Классификационный индекс 91.9:2
686 Индексы других классификаций __
a Классификационный индекс 28я1; ст91.9:2 + ст28я1
702 Вторичная интеллектуальная ответственность _1
a Фамилия Жердев
b Имя А. В.
4 Код отношения Составитель
4 Код отношения 220
801 Источник записи _0
a Страна RU
b Организация Муниципальное бюджетное учреждение культуры "Централизованная библиотечная система" г. Сургут (Центральная городская библиотека им. А. С. Пушкина)
g Правила каталогизации ЦДБ/Дорошева
801 Источник записи _1
a Страна RU
b Организация Муниципальное бюджетное учреждение культуры "Централизованная библиотечная система" г. Сургут (Центральная городская библиотека им. А. С. Пушкина)
g Правила каталогизации ЦДБ/Дорошева
852 Данные о местонахождении __
j Шифр хранения 91.9:2
i Авторский знак К 53
p Инвентарный номер 52846
901 Тип документа __
t Тип документа m
903 Характеристики (МАРС) __
a Дата передачи 20060802
990 Данные о заказе (DOS) __
j Количество экземпляров (DOS) 3
t N записи в КСУ для И/У (DOS) 199501